Statistics for Biggest Cities in Morocco Quiz

Click here to take the quiz!

General Stats

  • This quiz has been taken 924 times
    (773 since last reset)
  • The average score is 9 of 21

Answer Stats

PopulationCity% Correct
3,359,818Casablanca
99%
577,827Rabat
98%
1,112,072Fez
94%
928,850Marrakesh
93%
947,952Tangier
84%
421,844Agadir
69%
632,079Meknes
55%
380,787Tetouan
46%
494,252Oujda
45%
890,403Salé
45%
161,726Nador
32%
208,612Laayoune
31%
308,508Safi
28%
194,934El Jadida
21%
217,732Mohammedia
21%
192,676Beni Mellal
18%
196,196Khouribga
14%
171,847Aït Melloul
4%
313,510Tamara
4%
151,373Dar Bouazza
3%
431,282Kentira
2%

Score Distribution

Percentile by Number Answered

Percent of People with Each Score

Your Score History

You have not taken this quiz since the last reset